| 000 | 01335pam a2200325 a 4500 | ||
|---|---|---|---|
| 999 |
_c331639 _d331639 |
||
| 001 | 3470069 | ||
| 003 | NUST | ||
| 005 | 20180118110450.0 | ||
| 008 | 930820s1993 nyua b 001 0 eng | ||
| 010 | _a 93032996 | ||
| 020 |
_a0486678709 : _c$7.95 |
||
| 040 |
_aDLC _cDLC _dDLC |
||
| 050 | 0 | 0 |
_aQA166 _b.T74 1993 |
| 082 | 0 | 0 |
_a511.5 TRU _220 |
| 100 | 1 |
_aTrudeau, Richard J. _95356 |
|
| 245 | 1 | 0 |
_aIntroduction to graph theory / _cRichard J. Trudeau. |
| 260 |
_aNew York : _bDover Pub., _c1993. |
||
| 300 |
_ax, 209 p. : _bill. ; _c22 cm. |
||
| 440 | 0 |
_aDover books on advanced mathematics _95357 |
|
| 500 | _aRev. ed. of: Dots and lines. 1976. | ||
| 504 | _aIncludes bibliographical references and index. | ||
| 650 | 0 |
_aGraph theory. _95358 |
|
| 700 | 1 |
_aTrudeau, Richard J. _tDots and lines. _95359 |
|
| 856 | 4 | 2 |
_3Publisher description _uhttp://www.loc.gov/catdir/description/dover031/93032996.html |
| 856 | 4 | 1 |
_3Table of contents _uhttp://www.loc.gov/catdir/toc/dover031/93032996.html |
| 906 |
_a7 _bcbc _corignew _d1 _eocip _f19 _gy-gencatlg |
||
| 942 |
_2ddc _cBK |
||